000 01201cam a22002771 4500
001 gs 07001541
003 DLC
005 20260227111307.0
008 840925s1907 dcuabf f000 0 eng c
010 _ags 07001541
035 _a(OCoLC)11195318
040 _aU.S. Geol. survey. Library
_cCLS
_dOCoLC
_dDLC
042 _apremarc
050 0 0 _aTC801
_b.U2 no. 202
051 _aGB125
_b.U59 no. 56
_cCopy 2
110 2 _aGeological Survey (U.S.)
245 1 0 _aSurface water supply for Hudson, Passaic, Raritan, and Delaware river drainages, 1906.
_cH.K. Barrows and N.C. Grover, district hydrographers.
260 _aWashington,
_bGovt. Print. Off.,
_c1907.
300 _aiv, 77, ii p.
_billus., II pl. (incl. fold. map) diagr.
_c23 cm.
490 0 _aU.S. Geological survey. Water-supply and irrigation paper
_vno. 202
490 0 _aP, Hydrographic progress reports,
_v56
501 _aTC801.U2 no. 56 with : Surface water supply of New England, 1906. Washington : Govt. Print. Off., 1907. Bound together subsequent to publication.
_5DLC
650 0 _aWater-supply
_zAtlantic States.
700 1 _aBarrows, H. K.
_q(Harold Kilbrith),
_d1873-1954.
700 1 _aGrover, Nathan Clifford,
_d1868-1956.
999 _c24687
_d24687